[Event "Detroit (MOR/5/9)"]
[Site "?"]
[Date "1990.??.??"]
[Round "?"]
[White "Carpenter, George"]
[Black "McDonough, J."]
[Result "0-1"]
[WhiteElo "1605"]
[BlackElo "1730"]
[PlyCount "58"]
[EventDate "1990.??.??"]

{5/(9)} 1. Nf3 d5 2. g3 Nc6 3. Bg2 e5 4. d3 f5 5. O-O Nf6 6. Nbd2 Be6 7. c3 Qd7
8. Ng5 Bg8 9. Ngf3 Bd6 10. Re1 O-O-O 11. Bh3 h6 12. Nb3 Bh7 13. Nfd2 g5 14. f3
h5 15. e4 g4 16. Bg2 Ne7 17. exd5 f4 18. d4 exd4 19. Nxd4 fxg3 20. hxg3 Bxg3
21. Re3 Nfxd5 22. Ne4 Nxe3 23. Bxe3 Nf5 24. Qe2 Nxe3 25. Qxe3 Rhe8 26. fxg4
Qxg4 27. Nd6+ Bxd6 28. Ne6 Qxe6 29. Qxa7 Qe3+ 0-1

[Event "Detroit (MOR/2/12)"]
[Site "?"]
[Date "1990.??.??"]
[Round "?"]
[White "Carpenter, George"]
[Black "Jointer, William"]
[Result "1-0"]
[WhiteElo "1605"]
[BlackElo "1735"]
[PlyCount "149"]
[EventDate "1990.??.??"]

{2/(12)} 1. Nf3 Nf6 2. g3 g6 3. Bg2 Bg7 4. O-O O-O 5. d3 d5 6. c3 Nbd7 7. Nbd2
e5 8. Qc2 Re8 9. Re1 c5 10. e4 d4 11. Nc4 b5 12. Nd6 Re6 13. Nxb5 Rb6 14. Na3
Ba6 15. cxd4 cxd4 16. Nc4 Rc8 17. b3 Re6 18. Qd2 Qc7 19. Bb2 Qb8 20. Qa5 Rc5
21. Qd2 Ne8 22. Ng5 Re7 23. Ba3 Bh6 24. Bxc5 Nxc5 25. f4 exf4 26. gxf4 f6 27.
Nf3 Bxf4 28. Qc2 Ng7 29. Bf1 Nh5 30. Nxd4 Qc8 31. Qg2 Qd7 32. Nf5 Bg5 33. Nxe7+
Qxe7 34. d4 Nf4 35. Qf3 Nce6 36. Rad1 Qb4 37. Qf2 Qc3 38. d5 Nf8 39. d6 Bc8 40.
Qxa7 Qf3 41. Qf2 Qg4+ 42. Qg3 Qh5 43. Nb6 Bd7 44. Nxd7 Nxd7 45. Qc3 Qg4+ 46.
Kh1 Bh4 47. Bc4+ Kg7 48. Rg1 Qh5 49. Rd2 Qc5 50. Rd5 Nxd5 51. exd5 Qxd6 52. Qd4
Bg5 53. Rxg5 Ne5 54. Rg3 Qa3 55. Re3 Qc1+ 56. Kg2 Qc2+ 57. Kg1 Qb1+ 58. Bf1
Qxa2 59. Rxe5 fxe5 60. Qxe5+ Kh6 61. Qe3+ Kg7 62. d6 Qa8 63. Qe7+ Kh6 64. d7
Qa7+ 65. Kg2 Qb7+ 66. Kf2 Qxb3 67. Qe3+ Qxe3+ 68. Kxe3 Kg7 69. d8=Q Kh6 70. Kf4
Kg7 71. Qe8 Kh6 72. Be2 Kg7 73. Ke5 Kh6 74. Qf8+ Kg5 75. Qf4# 1-0

[Event "Lansing (Mini-Swiss.5/2)"]
[Site "?"]
[Date "1990.??.??"]
[Round "?"]
[White "Carpenter, B."]
[Black "Serwatowski, Felix"]
[Result "1/2-1/2"]
[WhiteElo "1605"]
[BlackElo "1605"]
[PlyCount "50"]
[EventDate "1990.??.??"]

{5/(2)} 1. e4 e5 2. f4 d5 3. exd5 Qxd5 4. Nc3 Qe6 5. fxe5 Qxe5+ 6. Be2 Be6 7.
Nf3 Qd6 8. O-O Nf6 9. d4 c6 10. Ng5 Be7 11. Bf4 Qd7 12. Nf3 O-O 13. Ne5 Qd8 14.
Bd3 Qb6 15. Ne2 Nbd7 16. Nxd7 Bxd7 17. Be5 Ng4 18. Ng3 Nxe5 19. Qe2 Qxd4+ 20.
Kh1 Bd6 21. Rad1 Qh4 22. Bxh7+ Qxh7 23. Rxd6 Ng4 24. h3 Be6 25. Rxe6 Nf6
1/2-1/2

[Event "Lansing (Mini-Swiss.4/1)"]
[Site "?"]
[Date "1990.??.??"]
[Round "?"]
[White "Caron, L."]
[Black "Weber, K."]
[Result "0-1"]
[WhiteElo "1605"]
[BlackElo "1605"]
[PlyCount "124"]
[EventDate "1990.??.??"]

{4/(1)} 1. c4 e5 2. g3 Nf6 3. Bg2 d5 4. Nc3 c6 5. d3 Be6 6. Nf3 Nbd7 7. b3 Bc5
8. O-O O-O 9. e4 d4 10. Na4 Qc7 11. Nxc5 Nxc5 12. Ba3 Qa5 13. Bxc5 Qxc5 14. Qd2
Rfe8 15. b4 Qd6 16. c5 Qc7 17. Ng5 Bc8 18. f4 Nd7 19. f5 Nf6 20. a3 b6 21. Qc2
a5 22. bxa5 Rxa5 23. cxb6 Qxb6 24. Rfb1 Qa6 25. Rb3 c5 26. Qc4 Qxc4 27. dxc4
Ba6 28. Bf1 h6 29. Nh3 Nxe4 30. Rd1 Nd6 31. Rc1 Nxf5 32. Nf2 e4 33. Nd1 e3 34.
Be2 Ra8 35. Nb2 Nd6 36. Kg2 Bb7+ 37. Kh3 Bc8+ 38. Bg4 Bxg4+ 39. Kxg4 Rxa3 40.
Rxa3 Rxa3 41. Kf3 Ra7 42. Nd3 Nc8 43. Nxc5 Rc7 44. Nd3 Nd6 45. c5 Nb5 46. h4 g5
47. h5 f5 48. Rc4 Kf7 49. g4 Ke6 50. gxf5+ Kxf5 51. Kg3 Ke4 52. Ne1 Kd5 53. Rc1
Rxc5 54. Nd3 Rxc1 55. Nxc1 Ke4 56. Nb3 e2 57. Kf2 d3 58. Nd2+ Kd4 59. Nf3+ Kc3
60. Ke3 Nd4 61. Nxd4 e1=Q+ 62. Ne2+ Qxe2# 0-1

[Event "Lansing (Mini-Swiss.3/2)"]
[Site "?"]
[Date "1990.??.??"]
[Round "?"]
[White "Caron, L."]
[Black "Suess, J."]
[Result "1-0"]
[WhiteElo "1605"]
[BlackElo "1605"]
[PlyCount "171"]
[EventDate "1990.??.??"]

{3/(2)} 1. c4 Nf6 2. Nc3 c6 3. d4 e6 4. e4 Bb4 5. Bd2 Bxc3 6. bxc3 Nxe4 7. Qe2
d5 8. cxd5 cxd5 9. g3 Bd7 10. Qe3 a6 11. Bg2 Nxd2 12. Qxd2 b5 13. Nf3 O-O 14.
O-O Nc6 15. Rfe1 Na5 16. Rab1 Nc4 17. Qd3 f5 18. Ne5 Nxe5 19. Rxe5 Rc8 20. f4
Rc4 21. Rb4 Qa5 22. Rxc4 bxc4 23. Qc2 Rf6 24. Re1 Ba4 25. Qd2 Be8 26. Rb1 Qc7
27. Rb2 Qf7 28. Bf3 Qg6 29. a3 Bb5 30. Rb4 Qe8 31. Qb2 Qc6 32. Kg2 Rf8 33. Qa2
Rb8 34. Bd1 a5 35. Rb2 a4 36. Bxa4 Rb6 37. Bc2 Ba6 38. Qb1 Rxb2 39. Qxb2 Qb5
40. Qxb5 Bxb5 41. a4 Ba6 42. Kf3 Kf8 43. h3 Ke7 44. g4 g6 45. Kg3 Kd6 46. Kh4
Kc6 47. Kg5 Bc8 48. Kh6 Bd7 49. Kxh7 fxg4 50. hxg4 Kb6 51. Bxg6 Bxa4 52. Bf7
Bd7 53. g5 Ka5 54. g6 e5 55. g7 Bf5+ 56. Bg6 Be6 57. fxe5 Ka4 58. g8=Q Bxg8+
59. Kxg8 Kb3 60. e6 Kxc3 61. e7 Kxd4 62. e8=Q c3 63. Bc2 Kc4 64. Qe2+ Kc5 65.
Kf7 d4 66. Bb3 Kb4 67. Qc4+ Ka3 68. Bc2 Kb2 69. Qb3+ Kc1 70. Bd3 Kd2 71. Qc2+
Ke3 72. Kf6 Kf3 73. Ke5 Kg3 74. Kxd4 Kf3 75. Kxc3 Kg3 76. Qe2 Kf4 77. Qe4+ Kg3
78. Bf1 Kf2 79. Qg2+ Ke3 80. Qe2+ Kf4 81. Kd4 Kg3 82. Ke3 Kh4 83. Kf3 Kg5 84.
Qe5+ Kh4 85. Be2 Kh3 86. Qg3# 1-0

[Event "Lansing (Mini-Swiss.3/1)"]
[Site "?"]
[Date "1990.??.??"]
[Round "?"]
[White "Caron, L."]
[Black "Needleman, Andrew"]
[Result "0-1"]
[WhiteElo "1605"]
[BlackElo "1605"]
[PlyCount "46"]
[EventDate "1990.??.??"]

{3/(1)} 1. c4 c6 2. Nc3 d5 3. e4 d4 4. Na4 e5 5. Bd3 Bb4 6. Nf3 Bg4 7. O-O Nd7
8. a3 Be7 9. b4 c5 10. bxc5 Bxc5 11. Qe2 Ne7 12. Bc2 Ng6 13. d3 O-O 14. Rb1 b6
15. h3 Bxf3 16. Qxf3 Re8 17. Qg3 Be7 18. f4 Bd6 19. f5 Nf4 20. Bd1 Nc5 21. Nxc5
bxc5 22. a4 Qa5 23. Rf2 Qe1+ 0-1

[Event "Lansing (Apr)"]
[Site "?"]
[Date "1990.??.??"]
[Round "?"]
[White "Caron, L."]
[Black "Burton, J."]
[Result "1/2-1/2"]
[WhiteElo "1605"]
[BlackElo "1605"]
[PlyCount "110"]
[EventDate "1990.??.??"]

1. c4 e5 2. Nc3 Nf6 3. Nf3 Nc6 4. g3 Bc5 5. Bg2 b6 6. O-O Bb7 7. d3 O-O 8. Bg5
h6 9. Bxf6 Qxf6 10. e4 Rae8 11. Nd5 Qd6 12. Rb1 a5 13. a4 Ne7 14. Nxe7+ Qxe7
15. b3 f5 16. Nh4 Qe6 17. exf5 Rxf5 18. Nxf5 Qxf5 19. Bxb7 c6 20. Qd2 Rb8 21.
Bxc6 dxc6 22. Rbe1 Bb4 23. Qe2 Bxe1 24. Rxe1 Re8 25. Qe4 Qxe4 26. Rxe4 Kf8 27.
f4 exf4 28. Rxf4+ Kg8 29. Kf2 Rd8 30. Ke3 Re8+ 31. Re4 Kf7 32. Rxe8 Kxe8 33.
Ke4 Ke7 34. Ke5 g5 35. h4 gxh4 36. gxh4 c5 37. h5 Kf7 38. d4 cxd4 39. Kxd4 Ke6
40. c5 Kd7 41. cxb6 Kc6 42. Kc4 Kxb6 43. b4 axb4 44. Kxb4 Kb7 45. Kb5 Ka7 46.
a5 Kb7 47. Kc5 Ka6 48. Kd5 Kxa5 49. Ke6 Kb6 50. Kf6 Kc7 51. Kg6 Kd8 52. Kxh6
Ke8 53. Kg6 Kf8 54. h6 Kg8 55. h7+ Kh8 1/2-1/2

[Event "Detroit (MOR/4/25)"]
[Site "?"]
[Date "1990.??.??"]
[Round "?"]
[White "Cannon, Gregory"]
[Black "Vaka, Flamur"]
[Result "1-0"]
[WhiteElo "1605"]
[BlackElo "1605"]
[PlyCount "61"]
[EventDate "1990.??.??"]

{4/(25)} 1. c4 e5 2. Nc3 Nf6 3. Nf3 Nc6 4. g3 d6 5. Bg2 Be6 6. Ng5 Qd7 7. Nxe6
Qxe6 8. b3 Rb8 9. O-O Qf5 10. e4 Qg4 11. Bf3 Qh3 12. d3 Nd4 13. Bg2 Qd7 14. Be3
Nc6 15. f4 Be7 16. fxe5 dxe5 17. Nd5 O-O 18. Nxe7+ Qxe7 19. Bh3 Rbd8 20. Qe2
Nd4 21. Qd2 Rd6 22. Rad1 Rfd8 23. c5 Nxe4 24. cxd6 Rxd6 25. Qb4 Ne2+ 26. Kg2
N2c3 27. dxe4 Nxd1 28. Rxd1 Qd8 29. Rxd6 cxd6 30. Qxb7 h6 31. Bxa7 1-0

[Event "Detroit (MOR/6/14)"]
[Site "?"]
[Date "1990.??.??"]
[Round "?"]
[White "Cannon, Gregory"]
[Black "Stockman, David"]
[Result "0-1"]
[WhiteElo "1605"]
[BlackElo "1680"]
[PlyCount "48"]
[EventDate "1990.??.??"]

{6/(14)} 1. c4 c5 2. Nf3 Nf6 3. Nc3 g6 4. g3 Bg7 5. Bg2 O-O 6. O-O Nc6 7. d4
cxd4 8. Nxd4 Nxd4 9. Qxd4 a6 10. e4 d6 11. e5 Nd7 12. f4 dxe5 13. fxe5 Nxe5 14.
Qf4 e6 15. Rd1 Qb6+ 16. Kh1 Bd7 17. b3 Bc6 18. Be3 Bxg2+ 19. Kxg2 Qc6+ 20. Ne4
g5 21. Rd6 Qxd6 22. Qxg5 Qc6 23. Qf4 Ng6 24. Qf3 Bxa1 0-1

[Event "Detroit (MOR/2/57)"]
[Site "?"]
[Date "1990.??.??"]
[Round "?"]
[White "Cannon, Gregory"]
[Black "Brewer, R."]
[Result "1-0"]
[WhiteElo "1605"]
[BlackElo "1605"]
[PlyCount "89"]
[EventDate "1990.??.??"]

{2/(57)} 1. c4 c5 2. Nc3 Nf6 3. Nf3 b6 4. g3 Bb7 5. Bg2 e6 6. O-O Be7 7. d4
cxd4 8. Nxd4 Bxg2 9. Kxg2 O-O 10. e4 Qc8 11. b3 Qb7 12. Qf3 Nc6 13. Nxc6 dxc6
14. Bg5 Rfd8 15. e5 Ne8 16. Bxe7 Qxe7 17. Qxc6 Rac8 18. Qf3 Rd7 19. Rfd1 Rcd8
20. Rxd7 Rxd7 21. Rd1 Rxd1 22. Nxd1 Nc7 23. Qb7 Nd5 24. Qb8+ Qf8 25. Qxf8+ Kxf8
26. cxd5 exd5 27. f4 Ke7 28. Kf3 Kd7 29. Ke3 Kc6 30. Kd4 a5 31. Nc3 b5 32. Nxd5
Kd7 33. Kc5 Ke6 34. Nc7+ Kf5 35. Kxb5 h5 36. Kxa5 g5 37. fxg5 Kxe5 38. h4 Kf5
39. b4 Kg4 40. b5 Kxg3 41. b6 Kxh4 42. b7 Kxg5 43. b8=Q h4 44. Nd5 f5 45. Qf4+
1-0

[Event "Detroit (MI Op/2/46)"]
[Site "?"]
[Date "1990.??.??"]
[Round "?"]
[White "Calton, David W"]
[Black "Vaughn, Gerald"]
[Result "1-0"]
[WhiteElo "1905"]
[BlackElo "1605"]
[PlyCount "89"]
[EventDate "1990.??.??"]

{2/(46)} 1. e4 e6 2. d4 d5 3. Nd2 Nf6 4. e5 Ne4 5. Bd3 Nxf2 6. Kxf2 Qh4+ 7. Kf1
Qxd4 8. Ngf3 Qb6 9. Nb3 c5 10. Be3 Qc7 11. c4 d4 12. Bf4 h6 13. h4 b6 14. Kf2
Bb7 15. Nbd2 Nc6 16. a3 a5 17. Qe2 Ne7 18. g4 O-O-O 19. Bg3 g6 20. Ne4 Bxe4 21.
Bxe4 Nc6 22. Bxc6 Qxc6 23. Qd3 Be7 24. b3 Rhg8 25. Rhf1 Rd7 26. Kg1 Bd8 27. Nd2
g5 28. h5 Rg7 29. Rf3 Rb7 30. Ne4 Be7 31. Raf1 Bf8 32. R1f2 Kb8 33. a4 Ka7 34.
Rf6 Rh7 35. Nd6 Bxd6 36. Qxh7 Bf8 37. Rxf7 Ka6 38. Rxb7 Qxb7 39. Qxb7+ Kxb7 40.
Rxf8 b5 41. axb5 Kc7 42. Kf2 Kd7 43. Rf6 Ke7 44. Rxh6 d3 45. Ke3 1-0

[Event "Detroit (MI Op/4/25)"]
[Site "?"]
[Date "1990.??.??"]
[Round "?"]
[White "Calton, David W"]
[Black "Vandivier, Don"]
[Result "0-1"]
[WhiteElo "1905"]
[BlackElo "2010"]
[PlyCount "94"]
[EventDate "1990.??.??"]

{4/(25)} 1. e4 c5 2. Nc3 a6 3. g3 d6 4. Bg2 Nc6 5. f4 g6 6. d3 Bg7 7. Nf3 Bd7
8. O-O Qc8 9. Be3 Nf6 10. Qd2 Bh3 11. Rab1 h5 12. e5 Nh7 13. exd6 exd6 14. Nd5
Bxg2 15. Kxg2 Qd8 16. Rbe1 O-O 17. c3 Nf6 18. Nxf6+ Bxf6 19. b3 b6 20. d4 Kg7
21. d5 Ne7 22. c4 Nf5 23. Bf2 b5 24. Qd3 Qa5 25. Re2 bxc4 26. bxc4 Rab8 27. Be1
Qa4 28. Bc3 Bxc3 29. Qxc3+ f6 30. h3 Rb4 31. Rc1 Re8 32. Rxe8 Qxe8 33. Re1 Rxc4
34. Rxe8 Rxc3 35. g4 Kf7 36. Re6 hxg4 37. hxg4 Ne3+ 38. Kf2 Nc4 39. Ke2 Ra3 40.
g5 f5 41. Nh4 Rxa2+ 42. Kd3 Rh2 43. Nxg6 Nb2+ 44. Kc3 Nd1+ 45. Kb3 Rh3+ 46. Ka2
Nc3+ 47. Ka1 Rh2 0-1

[Event "Detroit (MI Op/6/32)"]
[Site "?"]
[Date "1990.??.??"]
[Round "?"]
[White "Calton, David W"]
[Black "Lubben, Don"]
[Result "1/2-1/2"]
[WhiteElo "1905"]
[BlackElo "1815"]
[PlyCount "116"]
[EventDate "1990.??.??"]

{6/(32)} 1. e4 e6 2. d4 d5 3. Nd2 dxe4 4. Nxe4 Nf6 5. Nxf6+ Qxf6 6. Nf3 h6 7.
Bd3 Bd6 8. O-O Bd7 9. Re1 Nc6 10. d5 Ne5 11. Nxe5 Bxe5 12. dxe6 Bxe6 13. Qe2
Bd6 14. Bc4 Kd7 15. Bxe6+ fxe6 16. Qb5+ Kc8 17. Bd2 a6 18. Qb3 e5 19. Re3 Bc5
20. Rf3 Qb6 21. Qxb6 cxb6 22. Be3 Rd8 23. Kf1 Rd7 24. Bxc5 bxc5 25. Re3 Kc7 26.
Rxe5 b6 27. Ke1 Rad8 28. Re2 Kc6 29. c3 Kb5 30. Rc1 Rd3 31. f3 R8d7 32. Rcc2
Rd1+ 33. Kf2 R1d6 34. Re1 Rd2+ 35. Rxd2 Rxd2+ 36. Re2 Rd6 37. f4 g6 38. Kg3 Kc4
39. Kf3 a5 40. g4 Kd3 41. f5 gxf5 42. gxf5 Rf6 43. Re3+ Kc2 44. Kf4 Kxb2 45.
Re6 Rf8 46. Rxb6+ Kxc3 47. Rb5 c4 48. Rxa5 Kd3 49. Rd5+ Kc2 50. Ke5 c3 51. Rc5
Kb2 52. f6 c2 53. Ke6 c1=Q 54. Rxc1 Kxc1 55. Ke7 Ra8 56. f7 Ra7+ 57. Kf6 Rxa2
58. Kg7 Rg2+ 1/2-1/2

[Event "Lansing (Mini-Swiss.3/2)"]
[Site "?"]
[Date "1990.??.??"]
[Round "?"]
[White "Calton, David A"]
[Black "Thibeault, T."]
[Result "0-1"]
[WhiteElo "1605"]
[BlackElo "1605"]
[PlyCount "114"]
[EventDate "1990.??.??"]

{3/(2)} 1. e4 e5 2. Nf3 Nc6 3. Bc4 Nf6 4. Ng5 d5 5. exd5 Nxd5 6. Nxf7 Kxf7 7.
Qf3+ Ke6 8. Nc3 Nce7 9. d4 h6 10. Qe4 c6 11. Qxe5+ Kd7 12. Nxd5 cxd5 13. Bb5+
Nc6 14. Qxd5+ Kc7 15. Bf4+ Bd6 16. Bxd6+ Qxd6 17. Qxd6+ Kxd6 18. Bxc6 Kxc6 19.
Kd2 Bf5 20. Rae1 Rac8 21. c3 Rhe8 22. g3 Be4 23. Rhg1 Bd5 24. a3 Bb3 25. f4
Rxe1 26. Rxe1 Rc7 27. Re5 Kd6 28. Rb5 Bc4 29. Rb4 b5 30. b3 a5 31. bxc4 axb4
32. c5+ Kd5 33. axb4 Kc4 34. Kc2 Re7 35. Kd2 Ra7 36. h3 Ra3 37. c6 Rxc3 38. d5
Kxb4 39. g4 Rc5 40. g5 Rxd5+ 41. Ke3 hxg5 42. Ke4 Rc5 43. c7 Rxc7 44. fxg5 Kc3
45. Kf5 b4 46. h4 b3 47. h5 b2 48. h6 b1=Q+ 49. Ke6 Qg6+ 50. Kd5 Qxg5+ 51. Kd6
Qf4+ 52. Ke6 Qxh6+ 53. Kd5 Qc6+ 54. Ke5 Re7+ 55. Kf5 Qf6+ 56. Kg4 Re4+ 57. Kg3
Qf4+ 0-1

[Event "Detroit (RVO/4)"]
[Site "?"]
[Date "1990.??.??"]
[Round "?"]
[White "Calton, David A"]
[Black "Schmucker, V."]
[Result "1-0"]
[WhiteElo "1685"]
[BlackElo "1810"]
[PlyCount "73"]
[EventDate "1990.??.??"]

1. d4 Nf6 2. Nf3 e6 3. e3 b6 4. Bd3 Bb7 5. Nbd2 c5 6. c3 Be7 7. O-O O-O 8. Re1
d6 9. Qc2 h6 10. e4 cxd4 11. Nxd4 Nc6 12. Nxc6 Bxc6 13. Nf3 Rc8 14. Nd4 Bb7 15.
Qb3 Nd7 16. Bd2 Nc5 17. Qc2 Nxd3 18. Qxd3 Qd7 19. Nb3 f5 20. exf5 Rxf5 21. Nd4
Rg5 22. Bxg5 Bxg5 23. Nxe6 Qc6 24. f3 Bf6 25. Rad1 Be5 26. Qg6 Qe8 27. Qxe8+
Rxe8 28. Nc7 Re7 29. Nb5 a6 30. Nd4 Kf7 31. Nf5 Re6 32. Rxe5 dxe5 33. Nd6+ Ke7
34. Nxb7 e4 35. fxe4 Rxe4 36. Kf2 Re6 37. Re1 1-0

[Event "Flint (Class C/3)"]
[Site "?"]
[Date "1990.??.??"]
[Round "?"]
[White "Calton, David A"]
[Black "Jensen, D."]
[Result "1/2-1/2"]
[WhiteElo "1605"]
[BlackElo "1605"]
[PlyCount "68"]
[EventDate "1990.??.??"]

1. e4 c5 2. Bc4 e6 3. d3 d6 4. Nc3 Nf6 5. Bg5 Be7 6. Nf3 Nc6 7. a3 a6 8. O-O b5
9. Bb3 O-O 10. Ne2 h6 11. Be3 Bb7 12. Qd2 Ng4 13. Ng3 Nxe3 14. Qxe3 Bf6 15. c3
Ne5 16. Nxe5 Bxe5 17. f4 Bf6 18. Nh5 Be7 19. Ng3 Rc8 20. Bc2 c4 21. d4 Qd7 22.
e5 dxe5 23. fxe5 Bg5 24. Qe2 f5 25. exf6 Bxf6 26. Rae1 Bd5 27. Be4 Rce8 28.
Bxd5 exd5 29. Qd2 Rxe1 30. Rxe1 Bh4 31. Rf1 Rxf1+ 32. Kxf1 Bxg3 33. hxg3 Qf5+
34. Ke2 g5 1/2-1/2

[Event "Detroit (MOR/2/42)"]
[Site "?"]
[Date "1990.??.??"]
[Round "?"]
[White "Calton, David A"]
[Black "Houston, Ryan"]
[Result "1-0"]
[WhiteElo "1605"]
[BlackElo "1605"]
[PlyCount "97"]
[EventDate "1990.??.??"]

{2/(42)} 1. d4 Nf6 2. Nf3 g6 3. e3 d5 4. Bd3 Bg7 5. Nbd2 Bg4 6. h3 Bxf3 7. Qxf3
O-O 8. c3 Nc6 9. O-O e5 10. dxe5 Nxe5 11. Qe2 c5 12. Re1 Nxd3 13. Qxd3 Rc8 14.
Nf3 c4 15. Qc2 b5 16. Nd4 Qb6 17. a4 a6 18. Bd2 Ne4 19. Re2 Rb8 20. axb5 Bxd4
21. cxd4 Qxb5 22. Bc3 Qb3 23. Rxa6 Qxc2 24. Rxc2 Nxc3 25. bxc3 Rb1+ 26. Kh2
Rfb8 27. Ra5 R8b2 28. Rxb2 Rxb2 29. Kg3 Rb3 30. Rxd5 Rxc3 31. Rc5 Rc2 32. Kf3
Kf8 33. h4 c3 34. g3 Ke7 35. e4 f6 36. Ke3 Kd6 37. f4 Rc1 38. e5+ fxe5 39.
fxe5+ Ke6 40. Kf4 Rd1 41. Ke4 Re1+ 42. Kf4 Rd1 43. Rc6+ Kd5 44. Rxc3 Rxd4+ 45.
Kg5 Kxe5 46. Kh6 Rd7 47. Kg5 Rd5 48. Rc4 Ke6+ 49. Kh6 {[Remainder lllegible;
1-0, 57?]} 1-0

[Event "Flint (Class C/2)"]
[Site "?"]
[Date "1990.??.??"]
[Round "?"]
[White "Calton, David A"]
[Black "Fletcher, G."]
[Result "0-1"]
[WhiteElo "1605"]
[BlackElo "1605"]
[PlyCount "104"]
[EventDate "1990.??.??"]

1. e4 e5 2. Nf3 Nc6 3. Bc4 Bc5 4. Nc3 Nf6 5. d3 h6 6. a3 d6 7. Na4 Bg4 8. Nxc5
dxc5 9. Be3 Nd4 10. Bxd4 cxd4 11. h3 Bh5 12. g4 Nxg4 13. hxg4 Bxg4 14. Rg1 Bh5
15. Rg3 Qf6 16. Kd2 Qf4+ 17. Ke2 Bg4 18. Qg1 h5 19. Qg2 f5 20. Rh1 O-O-O 21.
Be6+ Kb8 22. Bxf5 Bxf5 23. exf5 Rdf8 24. Rxg7 Rxf5 25. Rg8+ Rf8 26. Rxf8+ Rxf8
27. Qg3 Qf5 28. Nxe5 Re8 29. f4 c5 30. Kf3 Rxe5 31. Qh3 Re3+ 32. Kg2 Rxh3 33.
Rxh3 Qg4+ 34. Rg3 Qe2+ 35. Kh3 Qxc2 36. f5 c4 37. dxc4 Qxf5+ 38. Kh2 Qf4 39.
Kh3 Qf1+ 40. Kh4 Qxc4 41. Kxh5 d3 42. Rg8+ Kc7 43. Rg7+ Kb6 44. Rg6+ Ka5 45. a4
Qf7 46. Kg5 Qxg6+ 47. Kf4 d2 48. b4+ Kxb4 49. a5 Kxa5 50. Ke5 d1=Q 51. Kf4 Qd4+
52. Kf3 Qgg4# 0-1

[Event "Detroit (RVO/1)"]
[Site "?"]
[Date "1990.??.??"]
[Round "?"]
[White "Calton, David A"]
[Black "Eagle, Chris"]
[Result "0-1"]
[WhiteElo "1685"]
[BlackElo "2100"]
[PlyCount "50"]
[EventDate "1990.??.??"]

1. d4 Nf6 2. Nf3 g6 3. e3 Bg7 4. Bd3 O-O 5. O-O d6 6. Nbd2 Nbd7 7. c3 c5 8. e4
b6 9. Re1 Bb7 10. Nc4 d5 11. Nce5 dxe4 12. Nxd7 Qxd7 13. Ne5 Qd8 14. Bb5 cxd4
15. cxd4 Rc8 16. Bg5 Qd5 17. Qa4 h6 18. Bh4 g5 19. Bg3 Nh5 20. Nd7 Rfd8 21.
Rac1 Nxg3 22. hxg3 e3 23. f3 g4 24. Rxc8 Rxc8 25. Rxe3 Bxd4 0-1

[Event "Detroit (MCO/3/6)"]
[Site "?"]
[Date "1990.??.??"]
[Round "?"]
[White "Calton, Bill"]
[Black "Thompson, Dexter"]
[Result "0-1"]
[WhiteElo "2025"]
[BlackElo "2295"]
[PlyCount "56"]
[EventDate "1990.??.??"]

{3/(6)} 1. e4 e5 2. f4 exf4 3. Nf3 d6 4. d4 g5 5. h4 g4 6. Ng1 Bh6 7. Nc3 c6 8.
Nge2 Qf6 9. g3 f3 10. Nf4 Qe7 11. Kf2 Nf6 12. Bd3 Bxf4 13. Bxf4 Nh5 14. Qd2 f6
15. Rae1 O-O 16. Bc4+ Kh8 17. Rd1 Nd7 18. Rhe1 Re8 19. Bb3 Nf8 20. Bh6 Ng6 21.
Qd3 Qc7 22. Rg1 b5 23. Rde1 a5 24. Nxb5 cxb5 25. Qxb5 Bd7 26. Qxh5 a4 27. c3
axb3 28. axb3 Ra2 0-1

[Event "Lansing (Mini-Swiss.2/2)"]
[Site "?"]
[Date "1990.??.??"]
[Round "?"]
[White "Calton, Bill"]
[Black "Schoonmaker, John"]
[Result "0-1"]
[WhiteElo "2075"]
[BlackElo "1990"]
[PlyCount "120"]
[EventDate "1990.??.??"]

{2/(2)} 1. e4 c6 2. d4 d5 3. Nc3 dxe4 4. Nxe4 Nf6 5. Nxf6+ gxf6 6. Bf4 Bf5 7.
Nf3 e6 8. Nh4 Bg6 9. Nxg6 hxg6 10. Be2 Bd6 11. Qd2 Qc7 12. Bxd6 Qxd6 13. g3 Nd7
14. O-O-O O-O-O 15. Qc3 Kb8 16. Bf3 Qc7 17. h4 Nb6 18. h5 gxh5 19. Bxh5 Nd5 20.
Qb3 f5 21. Bf3 Qe7 22. Bxd5 cxd5 23. Qe3 Qf6 24. Qf4+ Kc8 25. g4 Kd7 26. gxf5
Qxf5 27. Qxf5 exf5 28. Kd2 Ke6 29. Rde1+ Kf6 30. Rxh8 Rxh8 31. Re5 Rd8 32. Ke3
Rd7 33. Kf4 Kg6 34. Rxf5 f6 35. Kg4 b6 36. Rf3 Rc7 37. c3 b5 38. Re3 b4 39. Kf4
bxc3 40. Rxc3 Re7 41. f3 Re2 42. Rb3 a5 43. a4 Rc2 44. Rb5 Rc4 45. b3 Rxd4+ 46.
Ke3 Rd1 47. Rxa5 Kf5 48. Rb5 Ke5 49. b4 Re1+ 50. Kf2 Ra1 51. a5 f5 52. Rb7 Kf4
53. Rd7 Ra2+ 54. Ke1 Ke3 55. Kd1 d4 56. Re7+ Kxf3 57. Re6 Ra4 58. Rb6 Ke3 59.
a6 f4 60. b5 f3 0-1

[Event "Flint (Class A/4)"]
[Site "?"]
[Date "1990.??.??"]
[Round "?"]
[White "Calton, Bill"]
[Black "Morris, Jewell"]
[Result "1-0"]
[WhiteElo "2050"]
[BlackElo "1865"]
[PlyCount "147"]
[EventDate "1990.??.??"]

1. e4 e5 2. f4 exf4 3. Bc4 Qh4+ 4. Kf1 d6 5. Nf3 Qg4 6. Nc3 Nf6 7. e5 dxe5 8.
Bxf7+ Ke7 9. Nxe5 Qxd1+ 10. Nxd1 Ng4 11. Nxg4 Bxg4 12. Nf2 Bf5 13. Bd5 c6 14.
Be4 Be6 15. d3 g6 16. Bxf4 Bg7 17. Be3 Nd7 18. Ke2 Raf8 19. c3 a6 20. a3 Be5
21. Bf3 Bd6 22. Ne4 Bc7 23. Rae1 Kd8 24. Nc5 Nxc5 25. Bxc5 Re8 26. Kd2 Bf4+ 27.
Be3 Rhf8 28. Bxf4 Rxf4 29. Re3 g5 30. Rhe1 Bf7 31. Rxe8+ Bxe8 32. Re4 Rf6 33.
h4 gxh4 34. Rxh4 Bg6 35. d4 Kc7 36. Rh1 Kb6 37. Re1 Rf7 38. Re5 Kc7 39. c4 Rd7
40. Kc3 Rd6 41. Re7+ Rd7 42. Rxd7+ Kxd7 43. Bg4+ Kd6 44. c5+ Kc7 45. b4 Be4 46.
a4 Bxg2 47. a5 Be4 48. Kd2 Bg6 49. Ke3 Be8 50. Kf4 Bd7 51. Bh5 Kd8 52. Ke5 Be8
53. Bf3 Kc7 54. Kf6 Kd8 55. Kg5 Ke7 56. Kh6 Bg6 57. d5 cxd5 58. Bxd5 Bd3 59.
Bxb7 Kd7 60. Bd5 Kc7 61. Bf3 Kd7 62. Kg5 Ke6 63. Kf4 Bb5 64. Ke4 Bc6+ 65. Ke3
Bxf3 66. Kxf3 Kd5 67. Kg4 Kc6 68. Kh5 Kb5 69. Kh6 Kxb4 70. c6 Kxa5 71. c7 Kb4
72. c8=Q a5 73. Qc2 a4 74. Qa2 1-0

[Event "Detroit (MI Op/1a/24)"]
[Site "?"]
[Date "1990.??.??"]
[Round "?"]
[White "Calton, Bill"]
[Black "Libby, Dan"]
[Result "1/2-1/2"]
[WhiteElo "2050"]
[BlackElo "1695"]
[PlyCount "93"]
[EventDate "1990.??.??"]

1. e4 d6 2. d4 Nf6 3. Nc3 g6 4. Nf3 Bg7 5. Be2 O-O 6. h3 b6 7. O-O Ba6 8. Be3
c5 9. Bxa6 Nxa6 10. Qe2 cxd4 11. Bxd4 Nc7 12. e5 dxe5 13. Bxe5 Ne6 14. Rad1 Qc8
15. Bxf6 exf6 16. Nd5 Qb7 17. g4 Rfe8 18. Nh4 Nd4 19. Qc4 Ne2+ 20. Kh2 Rac8 21.
Qb3 f5 22. Qf3 Qb8+ 23. Kg2 fxg4 24. hxg4 Rxc2 25. Rh1 Nd4 26. Nf6+ Bxf6 27.
Qxf6 Qb7+ 28. Kh3 Ne6 29. Ng2 Nf8 30. Ne3 Rxe3+ 31. fxe3 Qg2+ 32. Kh4 Rf2 33.
Qd6 Rxb2 34. Rhg1 Qf2+ 35. Qg3 Qf6+ 36. Kh3 Rxa2 37. Rdf1 Qc3 38. Qf3 Qb3 39.
Rg2 Rxg2 40. Kxg2 Qe6 41. Ra1 a5 42. Qf4 Qd5+ 43. Kg3 Ne6 44. Qb8+ Kg7 45. Rf1
Ng5 46. Qxb6 Qe5+ 47. Kg2 1/2-1/2

[Event "Flint (Class A/2)"]
[Site "?"]
[Date "1990.??.??"]
[Round "?"]
[White "Calton, Bill"]
[Black "Kung, Fred"]
[Result "1-0"]
[WhiteElo "2050"]
[BlackElo "1845"]
[PlyCount "43"]
[EventDate "1990.??.??"]

1. d4 d5 2. c4 e6 3. e3 c5 4. dxc5 Bxc5 5. cxd5 exd5 6. Nf3 Nf6 7. Be2 Nc6 8.
Nbd2 O-O 9. O-O d4 10. Nb3 Bb6 11. Nbxd4 Qc7 12. Nxc6 Qxc6 13. Bd2 Rd8 14. Rc1
Qd6 15. Bc3 Qe7 16. Qc2 Be6 17. Rfd1 Rac8 18. Qb1 Ng4 19. Bd4 Bc7 20. Qe4 Nh6
21. Bc4 Bf5 22. Qxe7 1-0

[Event "Detroit (MI Op/5/22)"]
[Site "?"]
[Date "1990.??.??"]
[Round "?"]
[White "Calton, Bill"]
[Black "Haakonstad, Olaf"]
[Result "1-0"]
[WhiteElo "2050"]
[BlackElo "1850"]
[PlyCount "55"]
[EventDate "1990.??.??"]

{5/(22)} 1. e4 e5 2. f4 d5 3. exd5 e4 4. Nc3 Nf6 5. d3 Bf5 6. Qe2 Bb4 7. Bd2
O-O 8. Nxe4 Nxe4 9. dxe4 Bxe4 10. Bxb4 Re8 11. O-O-O Na6 12. Bc3 Bg6 13. Qg4
Qc8 14. Qxc8 Raxc8 15. Bxa6 bxa6 16. Nf3 Re2 17. Rd2 Rce8 18. Kd1 Rxd2+ 19.
Bxd2 Be4 20. Re1 Bxf3+ 21. gxf3 Rb8 22. Re7 Kf8 23. Rxc7 Rxb2 24. Rxa7 Rxa2 25.
c4 Ra4 26. c5 Rd4 27. c6 Rxd5 28. c7 1-0

[Event "Detroit (MI Op/7/14)"]
[Site "?"]
[Date "1990.??.??"]
[Round "?"]
[White "Calton, Bill"]
[Black "Finegold, Ron"]
[Result "0-1"]
[WhiteElo "2050"]
[BlackElo "2200"]
[PlyCount "46"]
[EventDate "1990.??.??"]

{7/(14)} 1. d4 d5 2. c4 e5 3. dxe5 d4 4. Nf3 Nc6 5. g3 Be6 6. Bg2 Qd7 7. Nbd2
Be7 8. O-O h5 9. Nb3 O-O-O 10. Bf4 h4 11. Rc1 hxg3 12. fxg3 Bh3 13. e3 Bxg2 14.
Kxg2 Qh3+ 15. Kg1 g5 16. Qe2 gxf4 17. exf4 Nh6 18. Rfd1 Nf5 19. Rd2 Rdg8 20.
Qf1 Qg4 21. Qe1 Bb4 22. Re2 Bxe1 23. Rcxe1 Rh3 0-1